Music Quiz

Random Music or Album Quiz

Complete the Album Title... With a Picture Quiz Stats

 Plays Quiz Updated Jan 1, 2018

Score 0/20 Timer 05:00
14 Plays Today
% Correct
The Dark Side of the MOON
95.7%
Goodbye Yellow BRICK Road
93%
I Heard It Through
the GRAPEVINE
92%
HOTEL California
90.4%
A Night at the OPERA
85.3%
Jagged Little PILL
84.9%
Get RICH or Die Tryin’
83.4%
HIGHWAY 61 Revisited
82.4%
Achtung BABY
78.3%
Back to BLACK
77.3%
% Correct
Songs in the KEY of Life
76.8%
The MARSHALL Mathers LP
75.7%
Standing on the
Shoulder of GIANTS
75.4%
The Velvet UNDERGROUND & Nico
71.3%
BLOOD Sugar Sex Magik
71.1%
Physical GRAFFITI
69.5%
RUBBER Soul
68.3%
OK COMPUTER
66.6%
Beggars BANQUET
64%
Random ACCESS Memories
62.3%

You're not logged in!

Compare scores with friends on all Sporcle quizzes.
OR
Log In

You Might Also Like...

Show Comments

Extras

Top Quizzes Today


Score Distribution

Your Account Isn't Verified!

In order to create a playlist on Sporcle, you need to verify the email address you used during registration. Go to your Sporcle Settings to finish the process.

Report this User

Report this user for behavior that violates our Community Guidelines.

Details: